000 01636njm a2200385 c 4500
003 BLK
005 20180421002508.0
008 180410b bul||n||s|||||||| n|bulo|
010 _aCDD00004163000
040 _aBLK
041 _aENG
_cENG
080 _aАнглийски език
_b811.111
_x(075.4)
_z811.111(075.4)
100 1 _aАндън, Ник
_eпърви автор
_932526
700 1 _aО'Риърдан, Шеймъс
_eсъавт.
_9104146
139 _aАндън, Ник и др.
_bА 66
245 1 0 _aСамоучител по международен бизнес английски [CD-ROM]
_b1 -
_cНик Андън; съавт. Шеймъс О'Риърдан.
_nКомпактдиск 1
246 1 1 _aEnglish for International Business
257 _aGBR
260 София
_bКолибри
_c2004
300 _c12 см
380 _a80
500 _aДигитално изд. - Прил. към кн. Самоучител по международен бизнес английски със сигн. Цб 218452.
590 _aS.N: 111573 от КНИГИ
650 4 _aАнглийски език - икономически английски - самоучители
_9275008
653 _aанглийски език
653 _aбизнес английски език
653 _aсамоучители
653 _aучебници за самообразование
760 1 _aАндън, Ник
_d2004
_tКомпактдиск 1
852 _aЦб CD 623
_p0
856 4 _qpdf
_u
856 4 _qpdf
_u
942 _cCDD
_n0
944 _aCR
_c08.03.2004
_kГеновева_Генчева
944 _aED
_c05.05.2005
_k
999 _c222160
_d222160